Online
Catalog

Qué ha dicho verdaderamente Confucio / (Record no. 22356)

MARC details
000 -CABECERA
campo de control de longitud fija 00620nam a2200193 a 4500
001 - NÚMERO DE CONTROL
campo de control 000022859
005 - FECHA Y HORA DE LA ÚLTIMA TRANSACCIÓN
campo de control 20200930021836.0
008 - DATOS DE LONGITUD FIJA--INFORMACIÓN GENERAL
campo de control de longitud fija 101119s1971 sp r 000 0 spa d
040 ## - FUENTE DE LA CATALOGACIÓN
Centro catalogador/agencia de origen DO-SdBNP
Lengua de catalogación spa
Centro/agencia transcriptor BNPHU
082 ## - NÚMERO DE LA CLASIFICACIÓN DECIMAL DEWEY
Número de clasificación xxxx
Número de documento/Ítem L249q
049 ## - FONDOS LOCALES (OCLC)
Fondos de biblioteca BNGR
100 1# - ENTRADA PRINCIPAL--NOMBRE DE PERSONA
Nombre de persona Lanciotti, Lionello
9 (RLIN) 46980
245 10 - MENCIÓN DE TÍTULO
Título Qué ha dicho verdaderamente Confucio /
Mención de responsabilidad, etc. Lionello Lanciotti ; traducción Mariano Antolín-Rato.
260 ## - PUBLICACIÓN, DISTRIBUCIÓN, ETC.
Lugar de publicación, distribución, etc. Madrid :
Nombre del editor, distribuidor, etc. Doncel,
Fecha de publicación, distribución, etc. 1971.
300 ## - DESCRIPCIÓN FÍSICA
Extensión 133 p. ;
Dimensiones 18 cm.
500 ## - NOTA GENERAL
Nota general Incluye bibliografía.
534 ## - NOTA SOBRE LA VERSIÓN ORIGINAL
Encabezamiento principal del original Che cosa ha veramente detto Confucio.
700 1# - PUNTO DE ACCESO ADICIONAL--NOMBRE DE PERSONA
Nombre de persona Antolín-Rato, Mariano,
Término indicativo de función/relación tr.
9 (RLIN) 46981
Holdings
Estado de retiro Estado de pérdida Restricciones de uso No para préstamo Código de colección Localización permanente Ubicación/localización actual Ubicación en estantería Fecha de adquisición Número de inventario Total de préstamos Signatura topográfica completa Código de barras Fecha visto por última vez Precio válido a partir de Tipo de ítem Koha
        Monografías: Libros y Folletos General General En catalogación 19.11.2010 LF1   xxxx L249q 22859-10 25.06.2020 25.06.2020 Préstamo en sala

Powered by Koha